Ciencia y estilo de desarrollo (Record no. 64064)

MARC details
000 -CABECERA
campo de control de longitud fija 00545nam a2200205 a 4500
005 - FECHA Y HORA DE LA ÚLTIMA TRANSACCIÓN
campo de control 20210223123813.0
008 - ELEMENTOS DE LONGITUD FIJA--INFORMACIÓN GENERAL
campo de control de longitud fija 991125n 000 0 u
035 ## - NÚMERO DE CONTROL DEL SISTEMA
Número de control de sistema UPN01000067497
100 ## - ASIENTO PRINCIPAL--NOMBRE PERSONAL
Nombre de persona CIRIGLIANO, Gustavo F. J.
9 (RLIN) 38109
222 ## - TÍTULO CLAVE
Título clave PUNTO 21 : REVISTA DE EDUCACION
245 ## - MENCIÓN DE TÍTULO
Título Ciencia y estilo de desarrollo
260 ## - PUBLICACIÓN, DISTRIBUCIÓN, ETC.
Lugar de publicación, distribución, etc. Montevideo, Uruguay
300 ## - DESCRIPCIÓN FÍSICA
Extensión 5-12
362 ## - FECHAS DE PUBLICACIÓN Y/O DESIGNACIÓN SECUENCIAL
Fecha de publicación y/o designación secuencial 1991 No. 55, sep.
653 0# - TERMINO DE INDIZACION - NO CONTROLADO
Término no controlado CIENCIAS
653 0# - TERMINO DE INDIZACION - NO CONTROLADO
Término no controlado DESARROLLO INDUSTRIAL
653 0# - TERMINO DE INDIZACION - NO CONTROLADO
Término no controlado TECNOLOGIA
904 ## - ELEMENTOS DE DATOS D LOCAL, LDD (RLIN)
a AC
b 005308
905 ## - TIPO DE MATERIAL
Tipo de material Articulo

No items available.